<?xml version="1.0" encoding="UTF-8"?>
<record
    xmlns:xsi="http://www.w3.org/2001/XMLSchema-instance"
    xsi:schemaLocation="http://www.loc.gov/MARC21/slim http://www.loc.gov/standards/marcxml/schema/MARC21slim.xsd"
    xmlns="http://www.loc.gov/MARC21/slim">

  <leader>00949nam a22002417a 4500</leader>
  <controlfield tag="005">20180604170829.0</controlfield>
  <datafield tag="010" ind1=" " ind2=" ">
    <subfield code="a">ENG-123144-145</subfield>
  </datafield>
  <datafield tag="020" ind1=" " ind2=" ">
    <subfield code="a">9788180384363 (set)</subfield>
    <subfield code="c">5495.00 (set of 2vols.)</subfield>
  </datafield>
  <datafield tag="035" ind1=" " ind2=" ">
    <subfield code="a">EN-106676-677</subfield>
  </datafield>
  <datafield tag="082" ind1=" " ind2=" ">
    <subfield code="a">342.54023</subfield>
  </datafield>
  <datafield tag="100" ind1="1" ind2=" ">
    <subfield code="a">Basu, Durga Das,</subfield>
    <subfield code="d">1910-</subfield>
  </datafield>
  <datafield tag="245" ind1="1" ind2="0">
    <subfield code="a">Shorter constitution of India /</subfield>
    <subfield code="c">by Durga Das Basu.</subfield>
  </datafield>
  <datafield tag="250" ind1=" " ind2=" ">
    <subfield code="a">15th ed. /</subfield>
    <subfield code="b">thoroughly rev. &amp; revitalised by A K Patnaik,</subfield>
  </datafield>
  <datafield tag="260" ind1=" " ind2=" ">
    <subfield code="a">Gurgaon :</subfield>
    <subfield code="b">LexisNexis Butterworths Wadhwa Nagpur,</subfield>
    <subfield code="c">2018</subfield>
  </datafield>
  <datafield tag="300" ind1=" " ind2=" ">
    <subfield code="a">2 v. (cdlxxi, 918p.; cxviii, 919-2212p.) </subfield>
    <subfield code="c">25 cm.(Hb)</subfield>
  </datafield>
  <datafield tag="500" ind1=" " ind2=" ">
    <subfield code="a">Incorporating the latest amendments brought by the Constitution (One Hundred and First Amendment) Act, 2016</subfield>
  </datafield>
  <datafield tag="500" ind1=" " ind2=" ">
    <subfield code="a">Includes indexes.</subfield>
  </datafield>
  <datafield tag="505" ind1="0" ind2=" ">
    <subfield code="a">v. 1. Art. 1 to 151 -- v. 2. Art. 152 to end.</subfield>
  </datafield>
  <datafield tag="610" ind1="1" ind2="0">
    <subfield code="a">India.</subfield>
    <subfield code="t">Constitution.</subfield>
  </datafield>
  <datafield tag="650" ind1=" " ind2="0">
    <subfield code="a">Constitutional law</subfield>
    <subfield code="z">India.</subfield>
  </datafield>
  <datafield tag="700" ind1=" " ind2=" ">
    <subfield code="a">Patnaik, A K</subfield>
  </datafield>
  <datafield tag="942" ind1=" " ind2=" ">
    <subfield code="2">ddc</subfield>
    <subfield code="c">EN</subfield>
    <subfield code="h">342.54023</subfield>
    <subfield code="m">BAS</subfield>
  </datafield>
  <datafield tag="999" ind1=" " ind2=" ">
    <subfield code="c">152525</subfield>
    <subfield code="d">152525</subfield>
  </datafield>
  <datafield tag="952" ind1=" " ind2=" ">
    <subfield code="0">0</subfield>
    <subfield code="1">0</subfield>
    <subfield code="4">0</subfield>
    <subfield code="7">1</subfield>
    <subfield code="8">NFIC</subfield>
    <subfield code="a">DBAD</subfield>
    <subfield code="b">BN</subfield>
    <subfield code="d">2018-06-04</subfield>
    <subfield code="e">DBAD/PUB</subfield>
    <subfield code="g">5495.00</subfield>
    <subfield code="l">0</subfield>
    <subfield code="o">342.54023 BAS</subfield>
    <subfield code="p">EN-106676</subfield>
    <subfield code="r">2018-06-04 00:00:00</subfield>
    <subfield code="t">1</subfield>
    <subfield code="v">5495.00</subfield>
    <subfield code="y">EN</subfield>
  </datafield>
  <datafield tag="952" ind1=" " ind2=" ">
    <subfield code="0">0</subfield>
    <subfield code="1">0</subfield>
    <subfield code="4">0</subfield>
    <subfield code="7">1</subfield>
    <subfield code="8">NFIC</subfield>
    <subfield code="a">DBAD</subfield>
    <subfield code="b">BN</subfield>
    <subfield code="d">2018-06-04</subfield>
    <subfield code="e">DBAD/PUB</subfield>
    <subfield code="g">5495.00</subfield>
    <subfield code="l">0</subfield>
    <subfield code="o">342.54023 BAS</subfield>
    <subfield code="p">EN-106677</subfield>
    <subfield code="r">2018-06-04 00:00:00</subfield>
    <subfield code="t">1</subfield>
    <subfield code="v">5495.00</subfield>
    <subfield code="y">EN</subfield>
  </datafield>
</record>
